Toutes les communes de Seine-Saint-Denis (Extrême) - Statistiques

Statistiques générales
  • Ce quiz a été pris 103 fois
  • Le résultat moyen est 29 sur 40
Statistiques - réponses
Département Communes % Correct
Bobigny
96%
Saint-Denis
95%
Aulnay-sous-Bois
93%
Seine-Saint-Denis Aubervilliers
89%
Montreuil
88%
Drancy
87%
Bondy
85%
La Courneuve
85%
Noisy-le-Sec
83%
Les Lilas
81%
Pantin
81%
Rosny-sous-Bois
81%
Le Bourget
79%
Bagnolet
77%
Noisy-le-Grand
77%
Le Raincy
76%
Le Blanc-Mesnil
75%
Sevran
75%
Villemomble
75%
Villepinte
75%
Dugny
71%
Stains
71%
Villetaneuse
71%
Clichy-sous-Bois
69%
Épinay-sur-Seine
69%
Gagny
69%
Livry-Gargan
68%
Romainville
68%
Les Pavillons-sous-Bois
67%
Montfermeil
67%
Neuilly-sur-Marne
67%
Tremblay-en-France
65%
Le Pré-Saint-Gervais
64%
Neuilly-Plaisance
60%
L'Île-Saint-Denis
59%
Pierrefitte-sur-Seine
59%
Saint-Ouen-sur-Seine
59%
Vaujours
57%
Coubron
56%
Gournay-sur-Marne
45%
Aucun quiz correspondant
Distribution des résultats
% des personnes avec chaque résultat
Percentile par nombre de réponses
Votre historique - résultats
Vous n’avez pas pris ce quiz